| 000 | 00529nam a22001697a 4500 | ||
|---|---|---|---|
| 005 | 20231031134358.0 | ||
| 008 | 231031b |||||||| |||| 00| 0 eng d | ||
| 020 | _a0409029939 | ||
| 041 | _aEnglish | ||
| 082 | _a347.7 STI | ||
| 100 |
_aStilwell, P _lEnglish |
||
| 245 |
_aButterworths Legal Practice Handbook : _bCross-Examination / _cP Stilwell |
||
| 260 |
_aDurban : _bLexisNexis Butterworths, _c1997 |
||
| 300 |
_bxi, 67 pages ; _c24 cm. |
||
| 650 |
_alegal practice _bLaw |
||
| 942 |
_cBK _6ALISON_BN_VRIES |
||
| 999 |
_c194 _d194 |
||